| 000 | 00561nam a22001937a 4500 | ||
|---|---|---|---|
| 999 |
_c6950 _d6950 |
||
| 003 | OSt | ||
| 005 | 20210518090518.0 | ||
| 008 | 210518b ||||| |||| 00| 0 eng d | ||
| 020 | _a0195070119 | ||
| 040 | _cDDC | ||
| 082 | _a577.14 MCB 1994 | ||
| 100 |
_aMcBride, Murray B. _914258 |
||
| 245 | _aEnvironmental chemistry of soils. | ||
| 260 |
_aNew York : _bOxford University Press, _c1994. |
||
| 300 |
_aviii, 406 p. : _b ill. ; _c24 cm. |
||
| 504 | _aIncludes bibliographical references and index. | ||
| 650 |
_aSoil chemistry. _912776 |
||
| 942 |
_2ddc _cBOOK |
||